00315nam a22001097a 4500020001800000040000900018082001900027100001600046245007200062260003400134650003700168 a9780071428286 cNUST a621.381046 GIL aGilleo, Ken aAarea Array Packaging Materials:bAdhesives, Paster, and Lead- Free aNew York:bMcgraw-Hillc2004. aAarea Array Packaging Materials: